[Event "NAYCC U10"]
[Site "Windsor CAN"]
[Date "2016.08.08"]
[Round "3.147"]
[White "Xing, Blair"]
[Black "Ripley, Noah"]
[Result "0-1"]
[WhiteElo "920"]
[BlackElo "684"]
[PlyCount "152"]
[EventDate "2016.08.07"]
[EventType "swiss"]
[EventRounds "9"]
[EventCountry "CAN"]

1. e4 e5 2. Nf3 Nc6 3. Nc3 Nf6 4. Bc4 Bc5 5. d3 d6 6. h3 Be6 7. Bb3 h6 8. Be3
Bb6 9. O-O O-O 10. Qd2 Qd7 11. Bxh6 gxh6 12. Qxh6 Bxb3 13. cxb3 Nh7 14. Nd5 Nd4
15. Ng5 f6 16. Nxh7 Qxh7 17. Qe3 Nc2 18. Qd2 Nxa1 19. Rxa1 c6 20. Nc3 f5 21.
Rf1 fxe4 22. Nxe4 Rad8 23. a4 d5 24. Ng5 Qg6 25. h4 e4 26. d4 c5 27. dxc5 Bxc5
28. b4 Be7 29. Nh3 Qf5 30. Re1 Bxh4 31. Qd4 a6 32. Rc1 b5 33. Rc7 Rf7 34. Rc1
Rdf8 35. Rf1 bxa4 36. f3 Bf6 37. Qf2 exf3 38. Qg3+ Kh8 39. Rxf3 Be5 40. Qh4+
Qh7 41. Qxh7+ Kxh7 42. Ng5+ Kg6 43. Nxf7 Rxf7 44. Rd3 Bxb2 45. Rxd5 a3 46. Ra5
Rb7 47. Rxa6+ Kf5 48. Ra5+ Ke4 49. Kf2 Kd3 50. b5 Kc3 51. Rxa3+ Bxa3 52. g4 Bb2
53. Kf3 Rxb5 54. Kf4 Kd4 55. Kg3 Ke3 56. Kh4 Kf4 57. Kh3 Kg5 58. Kg3 Rb4 59.
Kf3 Rxg4 60. Ke3 Rf4 61. Kd2 Kg4 62. Kd3 Kg3 63. Kd2 Kf3 64. Kc2 Rd4 65. Kxb2
Rc4 66. Kb3 Rc7 67. Kb4 Ke4 68. Kb5 Kd5 69. Kb4 Rc5 70. Kb3 Rc4 71. Kb2 Kd4 72.
Kb3 Kd3 73. Kb2 Rc3 74. Ka1 Rb3 75. Ka2 Kc2 76. Ka1 Ra3# 0-1

[Event "NAYCC U10"]
[Site "Windsor CAN"]
[Date "2016.08.08"]
[Round "3.126"]
[White "Issani, Nameer"]
[Black "Rama, Tejas"]
[Result "1-0"]
[WhiteElo "1872"]
[BlackElo "1712"]
[PlyCount "147"]
[EventDate "2016.08.07"]
[EventType "swiss"]
[EventRounds "9"]
[EventCountry "CAN"]

1. d4 d5 2. c4 e6 3. Nc3 Nf6 4. cxd5 exd5 5. Bg5 c6 6. e3 Bf5 7. Nf3 Nbd7 8.
Be2 Qb6 9. Qc1 Bb4 10. O-O O-O 11. Nh4 Be6 12. Nf3 Bd6 13. Bd3 h6 14. Bh4 Qc7
15. Bg3 Bxg3 16. hxg3 Ne8 17. Nh4 Nd6 18. Qc2 Rac8 19. Rac1 b6 20. Ne2 Nf6 21.
Nf3 Nfe4 22. Ne5 c5 23. Nf4 Qe7 24. Qe2 c4 25. Bb1 c3 26. Bd3 Qe8 27. bxc3 Nxc3
28. Qb2 Nde4 29. f3 Na4 30. Rxc8 Bxc8 31. Qc2 Nxg3 32. Rc1 g6 33. Nxd5 Kh8 34.
Qb1 Nc5 35. Bb5 Qd8 36. Nf4 Bf5 37. Qb2 Nd7 38. Bxd7 Bxd7 39. Kf2 Nf5 40. Rh1
Kh7 41. g4 Ne7 42. Qb1 f5 43. g5 h5 44. Nxh5 gxh5 45. Rxh5+ Kg7 46. Qh1 Rh8 47.
Rxh8 Qxh8 48. Qxh8+ Kxh8 49. Nxd7 Kg7 50. f4 Kf7 51. Kf3 Ke6 52. Ne5 b5 53. e4
a5 54. d5+ Kd6 55. exf5 Nxf5 56. Ng4 Ne7 57. Ne3 a4 58. a3 Nxd5 59. Nxd5 Kxd5
60. f5 b4 61. g6 Ke5 62. g7 bxa3 63. g8=Q Kxf5 64. Qa2 Ke5 65. Qxa3 Kf5 66.
Qxa4 Ke5 67. Qe4+ Kd6 68. Qf5 Kc6 69. Ke4 Kb6 70. Kd4 Kc6 71. Qc5+ Kd7 72. Ke5
Kd8 73. Ke6 Ke8 74. Qe7# 1-0

[Event "NAYCC U10"]
[Site "Windsor CAN"]
[Date "2016.08.08"]
[Round "3.127"]
[White "Zong, Davis"]
[Black "Pan, Kevin"]
[Result "0-1"]
[WhiteElo "1675"]
[BlackElo "1936"]
[PlyCount "122"]
[EventDate "2016.08.07"]
[EventType "swiss"]
[EventRounds "9"]
[EventCountry "CAN"]

1. e4 e5 2. Nf3 Nc6 3. Bc4 Bc5 4. c3 Nf6 5. d3 d6 6. O-O h6 7. Nbd2 O-O 8. b4
Bb6 9. a4 a6 10. a5 Ba7 11. h3 Ne7 12. Re1 Ng6 13. Nf1 Re8 14. Qb3 Qe7 15. d4
Be6 16. dxe5 Bxc4 17. Qxc4 Nxe5 18. Nxe5 Qxe5 19. Qxc7 Nxe4 20. Be3 Qxc3 21.
Qxb7 Bxe3 22. Nxe3 Qd2 23. Ng4 Rab8 24. Qc6 Qxb4 25. Qxa6 h5 26. Ne3 Nxf2 27.
Qe2 Ne4 28. a6 Nf6 29. Kh1 Qb6 30. Qd3 Ne4 31. Qa3 Nc5 32. Qa5 Qa7 33. Nc2
Rxe1+ 34. Qxe1 Rb6 35. Qe8+ Kh7 36. Qc8 Rxa6 37. Rxa6 Qxa6 38. Qf5+ Kg8 39. Ne3
Qa1+ 40. Nf1 g6 41. Qf3 Qe5 42. Ne3 Qe4 43. Qg3 d5 44. Qb8+ Kg7 45. Qb2+ Kh7
46. Qf2 Kg8 47. Qf3 Qxf3 48. gxf3 d4 49. Nd1 Kg7 50. Kg2 Kf6 51. Kg3 Ke5 52.
Kg2 Kf4 53. Kf2 Nd3+ 54. Ke2 Ne5 55. Nb2 Nxf3 56. Kd3 Kg3 57. Ke4 f5+ 58. Kd3
Kxh3 59. Nc4 Kg3 60. Nd6 h4 61. Nf7 h3 0-1

[Event "NAYCC U10"]
[Site "Windsor CAN"]
[Date "2016.08.09"]
[Round "4.128"]
[White "Chen, Max"]
[Black "Zong, Davis"]
[Result "1-0"]
[WhiteElo "1536"]
[BlackElo "1675"]
[PlyCount "109"]
[EventDate "2016.08.07"]
[EventType "swiss"]
[EventRounds "9"]
[EventCountry "CAN"]

1. e4 e5 2. Nf3 Nc6 3. Bc4 Nf6 4. d3 Bc5 5. c3 a6 6. Bb3 d6 7. O-O Ba7 8. Re1
O-O 9. Nbd2 Re8 10. Nf1 Na5 11. Bc2 c5 12. h3 b5 13. Bg5 h6 14. Bh4 Bb7 15. Ne3
c4 16. Ng4 h5 17. Bxf6 gxf6 18. Nh6+ Kh7 19. Nf5 Bc8 20. N3h4 Rh8 21. Qxh5+ Kg8
22. Qg4+ Kf8 23. Qg7+ Ke8 24. Qxh8+ Kd7 25. Qg7 Qe8 26. Qxf6 Bb8 27. dxc4 bxc4
28. Ba4+ Nc6 29. Rad1 Qe6 30. Qxe6+ fxe6 31. Bxc6+ Kxc6 32. Ne7+ Kd7 33. Nxc8
Kxc8 34. Kf1 Kd7 35. Ke2 Bc7 36. Kd2 Bb6 37. Re2 Rh8 38. Nf3 Rg8 39. Rg1 Rg7
40. Kc2 Kc6 41. h4 Rh7 42. g4 Rf7 43. Rg3 Bd8 44. g5 Rg7 45. Re1 Be7 46. Rh1 d5
47. exd5+ exd5 48. Nxe5+ Kc5 49. Nf3 Bd6 50. Nd4 Bxg3 51. Ne6+ Kd6 52. Nxg7
Bxf2 53. h5 Ke7 54. h6 Kf7 55. h7 1-0

[Event "NAYCC U10"]
[Site "Windsor CAN"]
[Date "2016.08.09"]
[Round "4.128"]
[White "Zhao, Jeffrey R"]
[Black "Prestia, Frank"]
[Result "0-1"]
[WhiteElo "1496"]
[BlackElo "1640"]
[PlyCount "160"]
[EventDate "2016.08.07"]
[EventType "swiss"]
[EventRounds "9"]
[EventCountry "CAN"]

1. e4 e6 2. d4 b6 3. c4 Bb7 4. Nc3 Bb4 5. Qc2 c5 6. d5 exd5 7. cxd5 Nf6 8. Bd3
d6 9. Nf3 O-O 10. O-O Nbd7 11. Bf4 Qe7 12. Nb5 Ne5 13. Nxe5 dxe5 14. Bd2 Bxd2
15. Qxd2 a6 16. Nc3 Nh5 17. Ne2 Nf6 18. a4 c4 19. Bc2 b5 20. Ng3 g6 21. Rfc1
Nd7 22. axb5 axb5 23. Ra5 Qc5 24. Rca1 Qb6 25. Rxa8 Rxa8 26. Rxa8+ Bxa8 27. Qb4
Nc5 28. Ne2 Bb7 29. Qc3 Qa7 30. h3 Nd7 31. Qb4 Ba6 32. Qe7 Kg7 33. Kh2 Qb7 34.
Qb4 Qb6 35. Qe7 Qxf2 36. Qxd7 Qxe2 37. Qd6 Qxc2 38. Qxa6 Qxb2 39. d6 Qd4 40.
Qxb5 Qxd6 41. Qxc4 Qd4 42. Qc6 Qf2 43. Qd5 Qf4+ 44. Kh1 Qg3 45. Qd2 Qf4 46. Qd5
Kh6 47. Kg1 Kg7 48. Kh1 Qf1+ 49. Kh2 Qf4+ 50. Kh1 Qc1+ 51. Kh2 Qc7 52. Kh1 f5
53. exf5 Qc1+ 54. Kh2 Qf4+ 55. Kh1 Qxf5 56. Qb7+ Qf7 57. Qe4 Qf1+ 58. Kh2 Qf4+
59. Qxf4 exf4 60. Kg1 Kf6 61. g3 g5 62. Kf2 Ke5 63. Kf3 h5 64. gxf4+ gxf4 65.
h4 Kf5 66. Kf2 Kg4 67. Kg2 Kxh4 68. Kf3 Kg5 69. Kg2 Kg4 70. Kf2 f3 71. Kg1 Kg3
72. Kf1 f2 73. Ke2 Kg2 74. Kd2 f1=Q 75. Kc2 h4 76. Kb2 h3 77. Ka3 h2 78. Kb2
h1=Q 79. Ka2 Qb5 80. Ka3 Qa1# 0-1

[Event "NAYCC U10"]
[Site "Windsor CAN"]
[Date "2016.08.09"]
[Round "4.129"]
[White "Bui, Alan"]
[Black "Mundayat, Abinav"]
[Result "1/2-1/2"]
[WhiteElo "1404"]
[BlackElo "1577"]
[PlyCount "62"]
[EventDate "2016.08.07"]
[EventType "swiss"]
[EventRounds "9"]
[EventCountry "CAN"]

1. d4 Nf6 2. Nf3 d5 3. Bf4 c5 4. e3 Nc6 5. h3 e6 6. c3 Be7 7. Bd3 c4 8. Bc2 b5
9. a3 a5 10. Nbd2 Bb7 11. O-O O-O 12. Qe2 b4 13. axb4 axb4 14. Rxa8 Qxa8 15.
Bb1 bxc3 16. bxc3 Qa3 17. Bc2 Qxc3 18. Nb1 Qa5 19. Nbd2 Ra8 20. Rb1 Nb4 21. Qd1
Bc6 22. Ne5 Be8 23. e4 Nxc2 24. Qxc2 Ba4 25. Qa2 Bb4 26. Nexc4 dxc4 27. Nxc4
Qb5 28. Bd2 Qc6 29. Rxb4 Bb5 30. Qb3 Bxc4 31. Rxc4 Qxe4 1/2-1/2

[Event "NAYCC U10"]
[Site "Windsor CAN"]
[Date "2016.08.09"]
[Round "4.130"]
[White "Guipi Bopala, Prince Eric jr"]
[Black "Zhu, Max"]
[Result "1-0"]
[WhiteElo "1572"]
[BlackElo "1436"]
[PlyCount "89"]
[EventDate "2016.08.07"]
[EventType "swiss"]
[EventRounds "9"]
[EventCountry "CAN"]

1. d4 Nf6 2. c4 e6 3. Nc3 d5 4. cxd5 Nxd5 5. e4 Nxc3 6. bxc3 c5 7. Nf3 Be7 8.
Be2 Na6 9. O-O f6 10. Be3 Bd7 11. Qb3 Rb8 12. Bf4 Nc7 13. Bc4 Kf7 14. d5 b5 15.
Bxc7 Qxc7 16. dxe6+ Kf8 17. exd7 bxc4 18. Qxc4 Qxd7 19. Rab1 Rd8 20. Qa6 Qg4
21. Qxa7 Rd7 22. Qa8+ Rd8 23. Rb8 Kf7 24. Rxd8 Rxd8 25. Qc6 Rd6 26. Qxc5 Qxe4
27. Re1 Rd1 28. Qe3 Rxe1+ 29. Qxe1 Qc2 30. Qd2 Qb1+ 31. Ne1 Bd6 32. Kf1 Be5 33.
c4 Qe4 34. Qd3 Qa8 35. Qd7+ Kg6 36. Qd3+ Kf7 37. Qd7+ Kg6 38. Nf3 Qe4 39. Nxe5+
Qxe5 40. Qd3+ Kf7 41. Qd5+ Qxd5 42. cxd5 Ke7 43. Ke2 Kd6 44. Kd3 Kxd5 45. g4
1-0

[Event "NAYCC U10"]
[Site "Windsor CAN"]
[Date "2016.08.09"]
[Round "4.131"]
[White "Rusonik, Max"]
[Black "Liu, Kevin"]
[Result "1-0"]
[WhiteElo "1804"]
[BlackElo "914"]
[PlyCount "53"]
[EventDate "2016.08.07"]
[EventType "swiss"]
[EventRounds "9"]
[EventCountry "CAN"]

1. e4 c5 2. Nf3 Nc6 3. d4 cxd4 4. Nxd4 g6 5. c4 Bg7 6. Be3 Nf6 7. Nc3 Qa5 8.
Nb3 Qc7 9. c5 O-O 10. Be2 Rd8 11. O-O a6 12. f4 d6 13. cxd6 Rxd6 14. Qe1 e5 15.
Qg3 Nh5 16. Bxh5 gxh5 17. f5 f6 18. Nd5 Qf7 19. Rfd1 Ne7 20. Nxe7+ Qxe7 21. Bc5
Qf7 22. Rxd6 Bd7 23. Rad1 Bc6 24. Rd8+ Rxd8 25. Rxd8+ Be8 26. Na5 h6 27. Nxb7
1-0

[Event "NAYCC U10"]
[Site "Windsor CAN"]
[Date "2016.08.09"]
[Round "4.132"]
[White "Yuan, Edison"]
[Black "Oberoi, Shelev"]
[Result "0-1"]
[WhiteElo "1666"]
[BlackElo "1618"]
[PlyCount "150"]
[EventDate "2016.08.07"]
[EventType "swiss"]
[EventRounds "9"]
[EventCountry "CAN"]

1. e4 e5 2. Nf3 Nc6 3. d4 exd4 4. Nxd4 Bc5 5. Be3 Qf6 6. c3 Nge7 7. Bc4 b6 8.
O-O O-O 9. Kh1 Ne5 10. Bb3 Ba6 11. Rg1 N7g6 12. Qd2 Ng4 13. f3 Nxe3 14. Qxe3
Nf4 15. e5 Qh6 16. g3 Nd3 17. Qxh6 gxh6 18. Bd5 c6 19. Be4 Nxe5 20. b4 Bxd4 21.
cxd4 Nd3 22. Bxd3 Bxd3 23. Nc3 Rfe8 24. Rge1 Bc4 25. Kg2 d5 26. Kf2 f6 27.
Rxe8+ Rxe8 28. Re1 Rxe1 29. Kxe1 Kf7 30. Kd2 Ke6 31. Ke3 Kf5 32. a3 Kg5 33. h4+
Kf5 34. Nd1 Bb3 35. Nf2 Bc2 36. Ng4 h5 37. Nf2 Ke6 38. Nd3 Kd6 39. Nf4 Bg6 40.
Kd2 c5 41. Nxg6 hxg6 42. Kc3 cxb4+ 43. Kxb4 Kc6 44. a4 a5+ 45. Kc3 b5 46. axb5+
Kxb5 47. g4 a4 48. gxh5 gxh5 49. f4 a3 50. Kb3 a2 51. Kxa2 Kc4 52. Kb2 Kxd4 53.
Kc2 Ke4 54. Kc3 Kxf4 55. Kd4 Kg4 56. Kxd5 f5 57. Kd4 Kxh4 58. Ke3 Kg3 59. Ke2
Kg2 60. Ke3 h4 61. Kf4 h3 62. Kxf5 h2 63. Kg4 h1=Q 64. Kf4 Qe1 65. Kf5 Qe3 66.
Kf6 Qe4 67. Kf7 Qe5 68. Kg6 Qf4 69. Kg7 Qf5 70. Kg8 Qd7 71. Kf8 Kf3 72. Kg8 Kf4
73. Kh8 Kf5 74. Kg8 Kg6 75. Kf8 Qd8# 0-1

[Event "NAYCC U10"]
[Site "Windsor CAN"]
[Date "2016.08.09"]
[Round "4.133"]
[White "Singireddy, Ruthvik"]
[Black "Tsay, William"]
[Result "1/2-1/2"]
[WhiteElo "1398"]
[BlackElo "1399"]
[PlyCount "58"]
[EventDate "2016.08.07"]
[EventType "swiss"]
[EventRounds "9"]
[EventCountry "CAN"]

1. e4 e6 2. c4 c5 3. Nf3 d6 4. Nc3 Nc6 5. d4 cxd4 6. Nxd4 Nxd4 7. Qxd4 Nf6 8.
Bg5 Be7 9. O-O-O e5 10. Qd2 Be6 11. Bxf6 gxf6 12. Nb5 f5 13. exf5 Bg5 14. Nxd6+
Kf8 15. fxe6 Bxd2+ 16. Rxd2 Qe7 17. Nxf7 Rg8 18. Nxe5 Rd8 19. Nd7+ Kg7 20. Re2
Qg5+ 21. Re3 Rge8 22. Kb1 Kh8 23. Ne5 Qf5+ 24. Bd3 Qxf2 25. Rf3 Qd4 26. Nf7+
Kg8 27. Nxd8 Qxd8 28. Re1 Qd6 29. Rfe3 Re7 1/2-1/2

[Event "NAYCC U10"]
[Site "Windsor CAN"]
[Date "2016.08.09"]
[Round "4.134"]
[White "Kamath, Atul"]
[Black "Gaisinsky, Jacob"]
[Result "1-0"]
[WhiteElo "1637"]
[BlackElo "1167"]
[PlyCount "54"]
[EventDate "2016.08.07"]
[EventType "swiss"]
[EventRounds "9"]
[EventCountry "CAN"]

1. e4 e5 2. Nf3 Nc6 3. Bc4 Nf6 4. d3 Bc5 5. c3 d6 6. a4 a5 7. O-O Bg4 8. Be3
O-O 9. Re1 Re8 10. Nbd2 d5 11. Bxc5 dxc4 12. Nxc4 b6 13. Be3 Bxf3 14. gxf3 Nh5
15. Kh1 Qh4 16. Rg1 Nf4 17. Rg4 Qh6 18. Bxf4 exf4 19. Qd2 Ne5 20. Nxe5 Rxe5 21.
Qxf4 Qxf4 22. Rxf4 Rd8 23. d4 Rh5 24. Rg1 c5 25. d5 f5 26. c4 Kh8 27. e5 g5 1-0

[Event "NAYCC U10"]
[Site "Windsor CAN"]
[Date "2016.08.09"]
[Round "4.135"]
[White "Ripley, Noah"]
[Black "Vijayakumar, Advaith"]
[Result "0-1"]
[WhiteElo "684"]
[BlackElo "1402"]
[PlyCount "84"]
[EventDate "2016.08.07"]
[EventType "swiss"]
[EventRounds "9"]
[EventCountry "CAN"]

1. e4 e6 2. Nc3 d5 3. exd5 exd5 4. Nf3 Nf6 5. d4 c6 6. Bd3 Bg4 7. h3 Bh5 8. Bg5
Be7 9. O-O O-O 10. Be2 Nbd7 11. Ne5 Bxe2 12. Qxe2 Nxe5 13. dxe5 Nd7 14. Bxe7
Qxe7 15. f4 Qc5+ 16. Kh1 Rfe8 17. Rae1 Re7 18. Na4 Qa5 19. b3 b5 20. Nb2 Qxa2
21. c4 Qxb3 22. cxb5 Qxb5 23. Qxb5 cxb5 24. Rd1 Nb6 25. Kh2 a5 26. Rfe1 a4 27.
f5 b4 28. e6 Rae8 29. Nxa4 Nxa4 30. Rxd5 fxe6 31. fxe6 Rxe6 32. Rxe6 Rxe6 33.
Rd4 Rb6 34. Rd8+ Kf7 35. Rd7+ Kg6 36. Rd1 b3 37. Rb1 b2 38. Rxb2 Rxb2 39. Kh1
Kg5 40. Kh2 Kh4 41. Kg1 Kg3 42. Kh1 Rb1# 0-1

[Event "NAYCC U10"]
[Site "Windsor CAN"]
[Date "2016.08.09"]
[Round "4.136"]
[White "Morris-Suzuki, Alan"]
[Black "Srinivas, Atharva"]
[Result "0-1"]
[WhiteElo "1025"]
[BlackElo "1388"]
[PlyCount "98"]
[EventDate "2016.08.07"]
[EventType "swiss"]
[EventRounds "9"]
[EventCountry "CAN"]

1. d4 d5 2. c4 c6 3. Nc3 Nf6 4. Bf4 e6 5. Bg5 Nbd7 6. Nf3 Qa5 7. Bd2 Bb4 8. a3
Bxc3 9. Bxc3 Qd8 10. b4 O-O 11. Bd2 Re8 12. Bg5 h6 13. Bh4 e5 14. dxe5 Nxe5 15.
cxd5 cxd5 16. e3 Ng6 17. Bb5 Nxh4 18. Nxh4 Re7 19. O-O a6 20. Ba4 b5 21. Bc2
Be6 22. Qd2 Ne4 23. Qd4 Rc7 24. Bxe4 dxe4 25. Qxe4 Rc4 26. Qf3 Rxh4 27. Rad1
Qb8 28. g3 Rc4 29. Rd3 Bg4 30. Qd5 Be2 31. a4 Bxd3 32. Qxd3 Rxb4 33. axb5 Rxb5
34. Rd1 a5 35. Qd7 Rb1 36. Rxb1 Qxb1+ 37. Kg2 Qe4+ 38. Kh3 Qe6+ 39. Qxe6 fxe6
40. f4 a4 41. e4 a3 42. f5 exf5 43. e5 a2 44. e6 a1=Q 45. e7 Qf1+ 46. Kh4 Re8
47. Kh5 Rxe7 48. h4 Qf3+ 49. g4 Qxg4# 0-1

[Event "NAYCC U10"]
[Site "Windsor CAN"]
[Date "2016.08.09"]
[Round "4.137"]
[White "Dinatolo, Zack"]
[Black "Yuan, Kevin"]
[Result "1/2-1/2"]
[WhiteElo "1365"]
[BlackElo "975"]
[PlyCount "94"]
[EventDate "2016.08.07"]
[EventType "swiss"]
[EventRounds "9"]
[EventCountry "CAN"]

1. e4 e5 2. Nf3 Nc6 3. Bc4 Bc5 4. c3 Nf6 5. d3 a6 6. Bg5 h6 7. Bh4 O-O 8. O-O
d6 9. h3 Be6 10. Bb3 Bb6 11. Re1 Na5 12. Bc2 c5 13. Nbd2 Qe7 14. Nf1 Bd8 15.
Ne3 Qc7 16. Bxf6 Bxf6 17. Rc1 Nc6 18. Bb3 Rad8 19. Bd5 Rfe8 20. a3 Qb6 21. b4
cxb4 22. axb4 Rc8 23. Qd2 Ne7 24. Bxe6 fxe6 25. d4 exd4 26. cxd4 Nc6 27. Nc4
Qc7 28. d5 exd5 29. exd5 Na7 30. Nce5 Qd8 31. Rxc8 Qxc8 32. Ng4 Rxe1+ 33. Qxe1
Bc3 34. Qe3 Nb5 35. Qc1 Qc4 36. Qe3 Qxd5 37. Qe8+ Kh7 38. Qe7 h5 39. Ng5+ Kg6
40. Ne6 Qd1+ 41. Kh2 hxg4 42. Nf4+ Kh7 43. Qh4+ Kg8 44. Qd8+ Kf7 45. Qd7+ Kg8
46. Qe8+ Kh7 47. Qh5+ Kg8 1/2-1/2

[Event "NAYCC U10"]
[Site "Windsor CAN"]
[Date "2016.08.09"]
[Round "4.138"]
[White "Eirew, David"]
[Black "Zhang, Henry Z"]
[Result "0-1"]
[WhiteElo "657"]
[BlackElo "1315"]
[PlyCount "50"]
[EventDate "2016.08.07"]
[EventType "swiss"]
[EventRounds "9"]
[EventCountry "CAN"]

1. e4 c5 2. Nc3 Nc6 3. Bc4 e6 4. Nf3 a6 5. d3 Qc7 6. Be3 Nf6 7. Qd2 Be7 8.
O-O-O O-O 9. Bf4 d6 10. Rhe1 b5 11. Bb3 Bd7 12. e5 dxe5 13. Nxe5 Bd6 14. Nxc6
Bxf4 15. Re3 Bxc6 16. g3 Bxe3 17. Qxe3 Qd6 18. Ne4 Nxe4 19. dxe4 Qe5 20. f4
Qxe4 21. Qxc5 Rfd8 22. Rg1 Rac8 23. Qh5 Qe3+ 24. Kb1 Qxg1+ 25. Qd1 Rxd1# 0-1

[Event "NAYCC U10"]
[Site "Windsor CAN"]
[Date "2016.08.09"]
[Round "4.139"]
[White "Xie, Austin"]
[Black "Fu, Steven"]
[Result "1-0"]
[WhiteElo "1232"]
[BlackElo "826"]
[PlyCount "159"]
[EventDate "2016.08.07"]
[EventType "swiss"]
[EventRounds "9"]
[EventCountry "CAN"]

1. e4 e5 2. Nf3 Nc6 3. Bb5 d6 4. d4 exd4 5. Nxd4 Bd7 6. Nxc6 Bxc6 7. Bxc6+ bxc6
8. Nc3 Be7 9. O-O Nf6 10. Be3 O-O 11. Kh1 c5 12. f4 Nd7 13. Rf3 Bh4 14. Rh3 Be7
15. Nd5 Re8 16. Qg4 c6 17. Nc3 Bf8 18. Qf3 Nf6 19. Rd1 Qe7 20. e5 dxe5 21. fxe5
Qxe5 22. Qxc6 Ng4 23. Bg1 Rad8 24. Rxd8 Rxd8 25. Qe4 Qxe4 26. Nxe4 Re8 27. Nc3
Re1 28. Rf3 c4 29. h3 Nf6 30. Kh2 Bd6+ 31. g3 Rc1 32. Bxa7 Rxc2+ 33. Rf2 Rxf2+
34. Bxf2 Kf8 35. Kg2 Nh5 36. Ne4 Be5 37. Nd2 c3 38. bxc3 Bxc3 39. Ne4 Be5 40.
a4 Bc7 41. Be1 Bb6 42. a5 Ba7 43. a6 Nf6 44. Nxf6 gxf6 45. Bf2 Bb8 46. a7 Bxa7
47. Bxa7 Kg7 48. Bd4 Kg6 49. Kf3 Kg5 50. h4+ Kf5 51. g4+ Kg6 52. Kf4 h5 53.
gxh5+ Kxh5 54. Bxf6 Kg6 55. Ke5 Kh5 56. Kf5 Kh6 57. Bd4 Kh5 58. Bf2 Kh6 59. Kf6
Kh5 60. Kxf7 Kh6 61. Kf6 Kh5 62. Kf5 Kh6 63. Kg4 Kg6 64. h5+ Kh6 65. Be3+ Kh7
66. Kg5 Kh8 67. Kg6 Kg8 68. Bd4 Kf8 69. h6 Kg8 70. h7+ Kf8 71. h8=Q+ Ke7 72.
Qf6+ Kd7 73. Qb6 Ke7 74. Bf6+ Kd7 75. Kf5 Kc8 76. Be5 Kd7 77. Qc7+ Ke8 78. Bf6
Kf8 79. Qe7+ Kg8 80. Qg7# 1-0

[Event "NAYCC U10"]
[Site "Windsor CAN"]
[Date "2016.08.09"]
[Round "4.141"]
[White "Shlionsky, Aryah"]
[Black "Jasniewicz, Karol"]
[Result "1-0"]
[WhiteElo "1893"]
[BlackElo "971"]
[PlyCount "71"]
[EventDate "2016.08.07"]
[EventType "swiss"]
[EventRounds "9"]
[EventCountry "CAN"]

1. e4 e5 2. Nf3 Nc6 3. d4 exd4 4. Nxd4 Bc5 5. Nb3 Be7 6. Nc3 Nf6 7. Bc4 O-O 8.
O-O a6 9. a4 h6 10. Re1 Re8 11. e5 Nh7 12. Qf3 Rf8 13. Bf4 d6 14. exd6 cxd6 15.
Nd5 Be6 16. Nxe7+ Qxe7 17. Qg3 g5 18. Bxd6 Qd7 19. Nc5 Qe8 20. Bxf8 Nxf8 21.
Bxe6 fxe6 22. Nxb7 Qd7 23. Nc5 Qd4 24. Nxe6 Nxe6 25. Rxe6 Rd8 26. Qb3 Kh7 27.
Qd3+ Qxd3 28. cxd3 Nd4 29. Rxa6 Nc2 30. Rd1 Nb4 31. Ra7+ Kg6 32. d4 Kf5 33. d5
Ke5 34. d6 Ke6 35. d7 Nc6 36. Ra6 1-0

[Event "NAYCC U10"]
[Site "Windsor CAN"]
[Date "2016.08.09"]
[Round "4.142"]
[White "Chen, Bryan"]
[Black "Xing, Blair"]
[Result "0-1"]
[WhiteElo "918"]
[BlackElo "920"]
[PlyCount "84"]
[EventDate "2016.08.07"]
[EventType "swiss"]
[EventRounds "9"]
[EventCountry "CAN"]

1. e4 e5 2. Nf3 Nc6 3. Bc4 Bc5 4. Nc3 Nf6 5. d3 h6 6. O-O O-O 7. a3 d6 8. h4
Be6 9. Bd5 a5 10. Bxc6 bxc6 11. d4 exd4 12. Nxd4 Bxd4 13. Qxd4 c5 14. Qd1 c6
15. Re1 Qc7 16. Bf4 Rfd8 17. Qf3 Qe7 18. e5 dxe5 19. Bxe5 Nd5 20. Nxd5 cxd5 21.
Qg3 f6 22. Bc7 Rd7 23. Bf4 Kh7 24. Qd3+ g6 25. Qc3 d4 26. Qf3 Ra6 27. b4 axb4
28. axb4 Rxa1 29. Rxa1 Bd5 30. Qd3 cxb4 31. Qd2 g5 32. Qd3+ Be4 33. Qg3 gxf4
34. Qg4 Bxc2 35. Rc1 b3 36. Qxf4 b2 37. Rxc2 b1=Q+ 38. Kh2 Qxc2 39. g3 Qee2 40.
Kg2 Qc6+ 41. Kg1 Qe1+ 42. Kh2 Qeh1# 0-1

[Event "NAYCC U10"]
[Site "Windsor CAN"]
[Date "2016.08.09"]
[Round "4.121"]
[White "Vu, Leonard"]
[Black "Issani, Nameer"]
[Result "0-1"]
[WhiteElo "1862"]
[BlackElo "1972"]
[PlyCount "84"]
[EventDate "2016.08.07"]
[EventType "swiss"]
[EventRounds "9"]
[EventCountry "CAN"]

1. c4 Nf6 2. g3 e6 3. Bg2 d5 4. cxd5 exd5 5. d4 Bd6 6. Nc3 c6 7. Nf3 O-O 8. O-O
Re8 9. Qc2 h6 10. Rb1 Bg4 11. b4 Qd7 12. Rb2 b5 13. a4 Na6 14. axb5 cxb5 15.
Qd3 Bxb4 16. Ne5 Rxe5 17. dxe5 Bf5 18. Qd4 Bxc3 19. Qxc3 Ne8 20. Rd1 b4 21. Qb3
Nec7 22. Bxd5 Nxd5 23. Qxd5 Qxd5 24. Rxd5 Rc8 25. Rd1 b3 26. Be3 Nb4 27. Bxa7
Bc2 28. Rd6 Nc6 29. Rxc6 Rxc6 30. f4 Kf8 31. Kf2 Ke7 32. Kf3 Ke6 33. Be3 Rc3
34. Kf2 Kf5 35. h3 h5 36. Bd4 Rc4 37. Be3 Ke4 38. h4 Ra4 39. Bd2 Kd4 40. Rxc2
bxc2 41. Be3+ Ke4 42. e6 fxe6 0-1

[Event "NAYCC U10"]
[Site "Windsor CAN"]
[Date "2016.08.09"]
[Round "4.122"]
[White "Pan, Kevin"]
[Black "Prem, Pranav"]
[Result "0-1"]
[WhiteElo "1936"]
[BlackElo "1725"]
[PlyCount "98"]
[EventDate "2016.08.07"]
[EventType "swiss"]
[EventRounds "9"]
[EventCountry "CAN"]

1. e4 e6 2. d4 d5 3. Nc3 Nf6 4. Bg5 Be7 5. e5 Nfd7 6. Bxe7 Qxe7 7. f4 a6 8. Nf3
c5 9. Qd2 Nc6 10. dxc5 Nxc5 11. O-O-O b5 12. Nd4 Bb7 13. Nxc6 Bxc6 14. a3 Qb7
15. Qd4 Nd7 16. f5 Nf8 17. Bd3 O-O-O 18. Rhf1 Rd7 19. Rf2 Kb8 20. Rdf1 Rc7 21.
Nb1 a5 22. Nd2 Bd7 23. Nb3 a4 24. Nc5 Qc6 25. Nxd7+ Nxd7 26. fxe6 fxe6 27. Rf7
Nc5 28. Rxc7 Qxc7 29. Kb1 Nxd3 30. Qxd3 Qd7 31. Rf4 Rc8 32. Rb4 Rc5 33. Qxh7
Kb7 34. Qg8 d4 35. Qf8 Rxe5 36. Qf3+ Kb6 37. Qa8 Qd6 38. Qxa4 d3 39. c4 d2 40.
Rxb5+ Rxb5 41. Qxb5+ Kc7 42. Qa5+ Kd7 43. Qa4+ Ke7 44. Qd1 Qd3+ 45. Ka1 e5 46.
c5 e4 47. c6 e3 48. c7 e2 49. c8=N+ Kd8 0-1

[Event "NAYCC U10"]
[Site "Windsor CAN"]
[Date "2016.08.09"]
[Round "4.123"]
[White "Trakru, Rohun"]
[Black "Prestia, Paris"]
[Result "1-0"]
[WhiteElo "1724"]
[BlackElo "1591"]
[PlyCount "129"]
[EventDate "2016.08.07"]
[EventType "swiss"]
[EventRounds "9"]
[EventCountry "CAN"]

1. e4 c5 2. Nf3 d6 3. d4 cxd4 4. Qxd4 Nc6 5. Bb5 Bd7 6. Qd3 Nf6 7. c4 a6 8.
Bxc6 Bxc6 9. Nc3 g6 10. h3 Bg7 11. Be3 Rc8 12. Nd4 Bd7 13. O-O O-O 14. Rfd1 Qc7
15. Nd5 Nxd5 16. cxd5 Qc4 17. Qd2 Qc7 18. Rac1 Qb8 19. Ne2 Rxc1 20. Rxc1 Rc8
21. Bd4 Rxc1+ 22. Qxc1 Qc8 23. Qxc8+ Bxc8 24. Bxg7 Kxg7 25. f4 Kf6 26. Kf2 e6
27. Nc3 e5 28. Na4 b5 29. Nb6 Bb7 30. fxe5+ Kxe5 31. Ke3 Kf6 32. a4 Ke7 33. Kf4
f6 34. h4 h6 35. a5 Kf7 36. g3 Ke7 37. b3 Ke8 38. h5 Kf7 39. hxg6+ Kxg6 40. g4
Kf7 41. Kf5 b4 42. Nc4 Bc8+ 43. Kf4 Ke7 44. Nb2 Kf7 45. Nd3 Kg6 46. Nxb4 h5 47.
gxh5+ Kxh5 48. Nc6 Kh6 49. Ne7 Bd7 50. Nf5+ Kg6 51. Nxd6 Kg7 52. b4 Kf8 53. b5
axb5 54. a6 Ke7 55. a7 Kxd6 56. a8=Q Kc5 57. Qa7+ Kd6 58. Qb6+ Ke7 59. e5 fxe5+
60. Kxe5 Kf7 61. Qc7 Ke7 62. d6+ Ke8 63. Kf6 b4 64. Qb8+ Bc8 65. Qxc8# 1-0

[Event "NAYCC U10"]
[Site "Windsor CAN"]
[Date "2016.08.09"]
[Round "4.124"]
[White "Tang, Andrew"]
[Black "Zheng, Michael"]
[Result "1-0"]
[WhiteElo "1539"]
[BlackElo "1811"]
[PlyCount "101"]
[EventDate "2016.08.07"]
[EventType "swiss"]
[EventRounds "9"]
[EventCountry "CAN"]

1. e4 c5 2. Nf3 a6 3. d4 cxd4 4. Nxd4 Nf6 5. Nc3 e5 6. Nde2 Bb4 7. Bg5 h6 8.
Bxf6 Qxf6 9. a3 Bc5 10. f3 Qb6 11. Qc1 Bf2+ 12. Kd1 O-O 13. b3 Be3 14. Nd5 Bxc1
15. Nxb6 Bb2 16. Rb1 Ra7 17. Rxb2 d6 18. Nc3 Be6 19. Nbd5 Nc6 20. a4 Nd4 21.
Kd2 f5 22. exf5 Bxf5 23. Ne7+ Kf7 24. Nxf5 Nxf5 25. Bc4+ Ke7 26. Re1 Nh4 27.
Be2 Nf5 28. Nd5+ Kd7 29. c3 g5 30. Ne3 Ne7 31. Kc1 Ng6 32. Nd5 Ke8 33. Rd2 Kd7
34. Bd3 Nf4 35. Nxf4 gxf4 36. Bc4 Kc7 37. Rd5 Rf6 38. Red1 Ra8 39. Bf1 Re8 40.
Bd3 Kd7 41. Be4 Ke7 42. c4 b6 43. a5 Rb8 44. Kc2 bxa5 45. Rxa5 Rb6 46. c5 dxc5
47. Rxc5 Rb5 48. Rc7+ Ke6 49. Rc6+ Ke7 50. Rxf6 Kxf6 51. Rd6+ 1-0